[Event "SSOBZ Cup Team 12th"]
[Site "Valpovo"]
[Date "2019.02.16"]
[Round "2.1"]
[White "Martinovic, Zvonimir"]
[Black "Miletic, Josip"]
[Result "0-1"]
[WhiteElo "1833"]
[BlackElo "2164"]
[PlyCount "35"]
[EventDate "2019.02.15"]
[EventType "team-swiss"]
[EventRounds "5"]
[EventCountry "CRO"]
[SourceTitle "CBM 189 Extra"]
[Source "ChessBase"]
[SourceDate "2019.05.31"]
[SourceVersion "1"]
[SourceVersionDate "2019.05.31"]
[SourceQuality "1"]
[WhiteTeam "Valpovo HC"]
[BlackTeam "Nasice Slavonac"]
[WhiteTeamCountry "CRO"]
[BlackTeamCountry "CRO"]

1. e4 c5 2. Nf3 g6 3. d4 cxd4 4. Nxd4 Bg7 5. Bc4 Nc6 6. Be3 Nf6 7. Nc3 0-0 8. Bb3 Qa5 9. 0-0 Ng4 10. Nxc6 dxc6 11. Bd4 Rd8 12. Qf3 Bxd4 13. Qxf7+ Kh8 14. Rad1 Qe5 15. g3 Nh6 16. Qc4 Bh3 17. Rfe1 Qf6 18. Rd2 0-1

[Event "Osijek-ch op"]
[Site "Osijek"]
[Date "2014.02.20"]
[Round "1"]
[White "Martinovic, Zvonimir"]
[Black "Ivekovic, Ana"]
[Result "0-1"]
[WhiteElo "1765"]
[BlackElo "2093"]
[PlyCount "40"]
[EventDate "2014.02.20"]
[EventType "swiss"]
[EventRounds "7"]
[EventCountry "CRO"]
[SourceTitle "CBM 159 Extra"]
[Source "ChessBase"]
[SourceDate "2014.04.24"]
[SourceVersion "1"]
[SourceVersionDate "2014.04.24"]
[SourceQuality "1"]

1. e4 e5 2. Nf3 Nc6 3. Bc4 Nf6 4. d4 exd4 5. 0-0 Nxe4 6. Re1 d5 7. Nbd2 Be7 8. Bb5 Nxd2 9. Qxd2 0-0 10. Bxc6 bxc6 11. Nxd4 Bd7 12. Qd1 Bd6 13. Be3 Qh4 14. Nf3 Qh5 15. h3 Rfe8 16. Qd2 Bxh3 17. Bf4 Qg4 18. Bg3 Bxg3 19. gxh3 Qxf3 20. fxg3 Qxg3+ 0-1

[Event "Valpovo op U20"]
[Site "Valpovo"]
[Date "2013.12.08"]
[Round "6"]
[White "Martinovic, Zvonimir"]
[Black "Cenkovcan, Andrija"]
[Result "0-1"]
[WhiteElo "1765"]
[BlackElo "1933"]
[PlyCount "90"]
[EventDate "2013.12.06"]
[EventType "swiss"]
[EventRounds "7"]
[EventCountry "CRO"]
[SourceTitle "CBM 157 Extra"]
[Source "ChessBase"]
[SourceDate "2013.12.19"]
[SourceVersion "1"]
[SourceVersionDate "2013.12.19"]
[SourceQuality "1"]

1. e4 e6 2. d4 d5 3. exd5 exd5 4. c3 Bd6 5. Bd3 Nc6 6. Nf3 Nge7 7. Qc2 Bg4 8. Nbd2 Qd7 9. 0-0 h5 10. Re1 0-0-0 11. Ne5 Bxe5 12. dxe5 d4 13. Bc4 d3 14. Qa4 Nd5 15. Bb5 a6 16. Bxc6 Qxc6 17. Qxc6 bxc6 18. f3 Bf5 19. Nc4 Be6 20. Na5 c5 21. Bd2 Nb6 22. b3 Bd5 23. c4 Be6 24. Re3 Bf5 25. Rae1 g5 26. Nc6 Rd7 27. a3 Rh6 28. e6 fxe6 29. Ne5 Re7 30. Nc6 Re8 31. Ne5 Rh7 32. a4 Rd8 33. Nc6 Rd6 34. Ne5 Kb7 35. g4 hxg4 36. fxg4 Rh4 37. gxf5 exf5 38. Rxd3 Rxd3 39. Nxd3 Rd4 40. Nxc5+ Kc6 41. Re6+ Kxc5 42. Be3 Nd7 43. Rxa6 f4 44. Ra5+ Kb4 45. Rb5+ Kc3 0-1

[Event "CRO-chT U20 22nd"]
[Site "Durdevac"]
[Date "2013.03.28"]
[Round "6"]
[White "Vujec, Ivan"]
[Black "Martinovic, Zvonimir"]
[Result "1-0"]
[WhiteElo "2135"]
[BlackElo "1728"]
[PlyCount "77"]
[EventDate "2013.03.25"]
[EventType "team-tourn"]
[EventRounds "9"]
[EventCountry "CRO"]
[SourceTitle "CBM 153 Extra"]
[Source "ChessBase"]
[SourceDate "2013.04.22"]
[SourceVersion "1"]
[SourceVersionDate "2013.04.22"]
[SourceQuality "1"]

1. d4 Nf6 2. c4 g6 3. Nc3 Bg7 4. e4 d6 5. Nf3 0-0 6. Be2 e5 7. 0-0 Nc6 8. d5 Ne7 9. Nd2 a5 10. Rb1 Bd7 11. b3 c6 12. a3 Bh6 13. b4 axb4 14. axb4 Ne8 15. c5 f5 16. Nc4 Bxc1 17. Rxc1 cxd5 18. exd5 dxc5 19. bxc5 Rc8 20. d6 Nc6 21. Qd5+ Kg7 22. Nxe5 Nf6 23. Nxc6 Bxc6 24. Qd4 Re8 25. Bc4 Ra8 26. f3 g5 27. Nd5 Bxd5 28. Bxd5 Rb8 29. Rfe1 Qa5 30. Kf2 b6 31. Rxe8 Rxe8 32. d7 Rd8 33. Be6 bxc5 34. Rxc5 Qb6 35. Qe5 Ra8 36. Qxf5 Ne4+ 37. fxe4 Rf8 38. Qxf8+ Kxf8 39. d8Q+ 1-0

[Event "CRO-chT U20 22nd"]
[Site "Durdevac"]
[Date "2013.03.25"]
[Round "2"]
[White "Martinovic, Zvonimir"]
[Black "Vucic, Mihovil"]
[Result "0-1"]
[WhiteElo "1728"]
[BlackElo "2030"]
[PlyCount "84"]
[EventDate "2013.03.25"]
[EventType "team-tourn"]
[EventRounds "9"]
[EventCountry "CRO"]
[SourceTitle "CBM 153 Extra"]
[Source "ChessBase"]
[SourceDate "2013.04.22"]
[SourceVersion "1"]
[SourceVersionDate "2013.04.22"]
[SourceQuality "1"]

1. e4 c5 2. Nf3 d6 3. d4 cxd4 4. Nxd4 Nf6 5. Nc3 g6 6. Be2 Bg7 7. 0-0 0-0 8. Re1 Nc6 9. Nf3 a6 10. Bf1 b5 11. a4 bxa4 12. Nxa4 Nd7 13. Be3 Rb8 14. Nd4 Nxd4 15. Bxd4 Ne5 16. Rb1 Rb4 17. c3 Rb8 18. b4 Qc7 19. f3 Qc6 20. Nb2 Bb7 21. c4 f5 22. b5 axb5 23. cxb5 Qd7 24. Nc4 fxe4 25. Bxe5 exf3 26. Bg3 fxg2 27. Be2 Be4 28. Bd3 Bd4+ 29. Ne3 Qe6 30. Rc1 Bd5 31. Qd2 Rf3 32. Bf2 Rbf8 33. Bc4 Bxc4 34. Qxd4 R8f4 35. Qd2 Rxf2 36. Nxc4 Qf5 37. Qe3 R2f3 38. Nxd6 exd6 39. Qe8+ Kg7 40. Rc7+ Kh6 41. Rxh7+ Kxh7 42. Re7+ Kh6 0-1

[Event "CRO-ch U19"]
[Site "Topusko"]
[Date "2012.07.28"]
[Round "8"]
[White "Sekulic, Ivan"]
[Black "Martinovic, Zvonimir"]
[Result "1/2-1/2"]
[WhiteElo "1658"]
[BlackElo "1697"]
[PlyCount "26"]
[EventDate "2012.??.??"]
[EventType "swiss"]
[EventRounds "9"]
[EventCountry "CRO"]
[SourceTitle "EXT 2013"]
[Source "ChessBase"]
[SourceDate "2012.11.22"]
[SourceVersion "1"]
[SourceVersionDate "2012.11.22"]
[SourceQuality "1"]

1. b4 d5 2. Bb2 e6 3. b5 c5 4. e3 Nf6 5. Nf3 Bd6 6. c4 b6 7. Be2 Bb7 8. 0-0 0-0 9. d4 Qc7 10. cxd5 exd5 11. Nbd2 c4 12. Rc1 Qe7 13. Ne5 Nfd7 1/2-1/2

[Event "Valpovo op U20"]
[Site "Valpovo"]
[Date "2010.12.05"]
[Round "6"]
[White "Vlaicevic, Marko"]
[Black "Martinovic, Zvonimir"]
[Result "0-1"]
[WhiteElo "1723"]
[BlackElo "1696"]
[PlyCount "68"]
[EventDate "2010.12.03"]
[EventType "swiss"]
[EventRounds "7"]
[EventCountry "CRO"]
[SourceTitle "CBM 139 Extra"]
[Source "ChessBase"]
[SourceDate "2011.01.05"]
[SourceVersion "1"]
[SourceVersionDate "2011.01.05"]
[SourceQuality "1"]

1. e4 c5 2. Nf3 a6 3. d4 cxd4 4. Nxd4 Nf6 5. Nc3 e5 6. Nf3 Bb4 7. Bd3 d5 8. Bg5 d4 9. a3 dxc3 10. axb4 cxb2 11. Rb1 Bg4 12. Rxb2 Nc6 13. 0-0 0-0 14. c3 Qc7 15. h3 Bh5 16. g4 Bg6 17. Bxf6 gxf6 18. Nh4 Rad8 19. Qf3 Kg7 20. Rd2 Ne7 21. Nf5+ Bxf5 22. gxf5 Qxc3 23. Rc2 Qxd3 24. Qxd3 Rxd3 25. Rc7 Nc6 26. Rxb7 Rxh3 27. Rb6 Rc3 28. Rxa6 Nxb4 29. Rb6 Nd3 30. Rd1 Nf4 31. Rdd6 Rc1+ 32. Kh2 Rf1 33. Kg3 Rh8 34. Rxf6 Nh5+ 0-1

[Event "Valpovo op U20"]
[Site "Valpovo"]
[Date "2010.12.04"]
[Round "3"]
[White "Jambrusic, Zvonimir"]
[Black "Martinovic, Zvonimir"]
[Result "1-0"]
[WhiteElo "1839"]
[BlackElo "1696"]
[PlyCount "66"]
[EventDate "2010.12.03"]
[EventType "swiss"]
[EventRounds "7"]
[EventCountry "CRO"]
[SourceTitle "CBM 139 Extra"]
[Source "ChessBase"]
[SourceDate "2011.01.05"]
[SourceVersion "1"]
[SourceVersionDate "2011.01.05"]
[SourceQuality "1"]

1. d4 Nf6 2. Nf3 g6 3. e3 Bg7 4. b3 d6 5. Bb2 Nbd7 6. Bd3 0-0 7. 0-0 Re8 8. e4 e5 9. dxe5 dxe5 10. Nbd2 c6 11. Nc4 Qc7 12. Ba3 c5 13. Ne3 b6 14. Bc4 Bb7 15. Ng5 Re7 16. Nd5 Nxd5 17. Bxd5 Nf6 18. Bb2 Rd8 19. c4 h6 20. Nxf7 Rxf7 21. Bxe5 Qc8 22. Bxf7+ Kxf7 23. Qe2 Re8 24. Qb2 Bxe4 25. f3 Bb7 26. Rad1 Qf5 27. Bc3 Qg5 28. Rd6 Qe3+ 29. Kh1 Qe2 30. Qxe2 Rxe2 31. Bxf6 Bxf3 32. Bxg7 Kxg7 33. gxf3 Rxa2 1-0